Loading...
| Religion | 0 | 7 | 1 | 1 | 65 | 22 | 61.29 | 1 | 5 | 29.13 | 39.90 |
| Literature - World | 0 | 4 | 0 | 0 | 40 | 61 | 79.50 | 0 | 1 | 11.48 | 19.15 |
| History - World | 0 | 3 | 0 | 1 | 30 | 20 | 52.00 | 0 | 2 | 13.95 | 17.67 |
| History - American | 0 | 3 | 0 | 0 | 30 | 70 | 74.33 | 0 | 1 | 10.11 | 20.15 |
| Fine Arts - Painting and Sculpture | 0 | 3 | 2 | 0 | 20 | 45 | 49.67 | 1 | 3 | 15.17 | 22.12 |
| History - European | 0 | 2 | 0 | 1 | 20 | 51 | 80.00 | 0 | 1 | 4.63 | 6.97 |
| Fine Arts - Classical Music | 0 | 2 | 1 | 0 | 15 | 62 | 73.00 | 0 | 0 | 5.92 | 6.94 |
| Fine Arts - Other | 0 | 1 | 0 | 0 | 10 | 53 | 53.00 | 0 | 1 | 4.71 | 7.44 |
| Literature - British | 0 | 1 | 0 | 0 | 10 | 79 | 79.00 | 0 | 0 | 2.68 | 3.64 |
| Popular Culture | 0 | 1 | 0 | 0 | 10 | 87 | 87.00 | 0 | 0 | 3.48 | 5.56 |
| Science - Chemistry | 0 | 1 | 0 | 0 | 10 | 56 | 56.00 | 0 | 1 | 4.29 | 5.45 |
| Science - Other | 0 | 1 | 0 | 0 | 10 | 37 | 37.00 | 0 | 1 | 5.83 | 7.58 |
| Philosophy | 0 | 1 | 0 | 0 | 10 | 44 | 44.00 | 0 | 1 | 7.31 | 10.00 |
| Science - Physics | 0 | 1 | 0 | 0 | 10 | 57 | 57.00 | 0 | 0 | 4.34 | 3.31 |
| Literature - European | 0 | 1 | 1 | 0 | 5 | 92 | 92.00 | 0 | 0 | 1.75 | 2.73 |
| Current Events | 0 | 1 | 1 | 0 | 5 | 75 | 75.00 | 0 | 0 | 6.11 | 3.64 |
| Mythology | 0 | 0 | 1 | 0 | -5 | 0.00 | 0 | 0 | 0.00 | 0.00 | |
| History - Other | 0 | 0 | 1 | 0 | -5 | 0.00 | 0 | 0 | 0.00 | 0.00 |